People by Images - 'R' - Statistics

General Stats
  • This quiz has been taken 65 times
  • The average score is 6 of 16
Answer Stats
Picture Hint Answer % Correct
Singer Rihanna
93%
President Ronald Reagan
93%
Actor Robert De Niro
88%
Activist Rosa Parks
88%
Actress Renée Zellweger
65%
Singer Roy Orbison
58%
Author Roald Dahl
38%
Physicist Robert Oppenheimer
28%
Footballer Reggie White
15%
Composer Richard Strauss
15%
Prime Minister Rajiv Gandhi
7%
Nazi Leader Reinhard Heydrich
7%
Biologist Rachel Carson
5%
Chemist Rosalind Franklin
5%
Boxer Ray Mancini
2%
Skiing Champion Raisa Smetanina
0%
No matching quizzes found
Score Distribution
Percent of People with Each Score
Percentile by Number Answered
Your Score History
You have not taken this quiz